00701nam a2200205Ia 4500001002200000003000900022008004100031040002300072041001300095100001600108245005500124250001500179260003800194300001900232500002900251501012400280520005400404700001900458700001800477940.53-SEC gu (20726)IT-MiSPE171229s9999||||xx |||||||||||||| ||und|| aIT-MiSPEcIT-MiSPE aITALIANO aEnzo Biagi  0aLa seconda guerra mondialebParlano i protagonisti a1a ed. (v) aMilanobCorriere della Seracs.d. a770 p. c28 cm aGuerra mondiale, seconda aEdizioni San Paolo srl - Piazza Soncino, 5 - 20092 CINISELLO BALSAMO (MI) (non commercial uses only) ® Copyright 2018 aAltri autori: Vittorio Luchinat. Ill., cart. geo. aGiuseppe Mayda aLuigi Testori